000 00452nam a2200169Ia 4500
999 _c180
_d180
003 OSt
005 20210909122806.0
008 190216s9999||||xx |||||||||||||| ||und||
040 _coclc
082 _a297
_bALS/S
100 _aAl Sawa, Muhammed
_98823
245 0 _aSiyanathul Insan /
_cMuhammed Al Sawa
260 _bDarul Kuthub Ul I Lmiyyah,
300 _a559p
650 _aArabic
942 _cBK
_2ddc
_h297
_iALS/S
_k297
_mALS/S